000
00293nam a22001337a 4500
041
_a
ENG
100
_a
Balasubramanian.T
245
_a
English Phonetics For Indian Students
250
_a
3 Edition
260
_a
Delhi
_b
Trinity
_c
2019
300
_a
242
650
_a
English
856
_u
English
999
_c
15
_d
15